000 00511nam a2200193Ia 4500
005 20250326143529.0
008 250326s9999 xx 000 0 und d
037 _aTextbook
040 _aFMSL
_beng
_cFMSL
041 _aeng
_2eng
084 _aL:14 P3
_qFMSL
100 _aJohnson R W
245 0 _aTo improve health and health care
_cJohnson R W
250 _a6th
260 _aSan
_bSan, Fransisco Jossey-Bass
_c2003
300 _a287p
942 _cTB
_hL:14 P3
999 _c1299972
_d1299972